| 000 | 00000nam##2200000za#4500 |
| 001 | 9.602101 |
| 003 | CaOODSP |
| 005 | 20240131103310 |
| 007 | cr ||||||||||| |
| 008 | 150406|2000||||xxc|||||o f|0| 0 fre|d |
| 040 | |aCaOODSP|bfre |
| 043 | |an-cn--- |
| 086 | 1 |aEn152-2/2-2000F-PDF |
| 110 | 1 |aCanada. |bEnvironnement Canada. |bRégion du Québec. |
| 245 | 10|aPrévention de la pollution en usine : |h[ressource électronique]|baudit de procédé simplifié (APS) : usine modèle |
| 260 | |aMontréal - Québec : |bEnvironnement Canada. |c2000. |
| 300 | |a4p.|bfigure, tableaux, photographies |
| 490 | 1 |aFiches P2 |
| 500 | |aLe n° de catalogue (En152-2/2-2000F) et l'ISBN (0-662-85372-5) de l'édition imprimée ont été incorrectement copiés dans l'édition électronique. |
| 590 | |a11-17-Supp|b2011-09-12 |
| 691 | 07|aPollution|2gcpds |
| 691 | 07|aModèle|2gcpds |
| 691 | 07|aBâtiment industriel|2gcpds |
| 775 | 08|tIn-plant pollution prevention : |w(CaOODSP)9.571509 |
| 776 | 0#|tPrévention de la pollution en usine : |w(CaOODSP)9.625517 |
| 830 | #0|aFiches P2.|w(CaOODSP)9.502874 |
| 856 | 40|ahttp://publications.gc.ca|qPDF|s145 Ko|uhttps://publications.gc.ca/collections/Collection/En152-2-2-2000F.pdf |